MARC details
| 000 -LEADER |
| fixed length control field |
03188cam a22004218i 4500 |
| 001 - CONTROL NUMBER |
| control field |
22066080 |
| 003 - CONTROL NUMBER IDENTIFIER |
| control field |
CSPC |
| 005 - DATE AND TIME OF LATEST TRANSACTION |
| control field |
20250715095519.0 |
| 008 - FIXED-LENGTH DATA ELEMENTS--GENERAL INFORMATION |
| fixed length control field |
210604s2022 enk b 001 0 eng |
| 010 ## - LIBRARY OF CONGRESS CONTROL NUMBER |
| LC control number |
2021021754 |
| 020 ## - INTERNATIONAL STANDARD BOOK NUMBER |
| International Standard Book Number |
9781032122540 |
| Qualifying information |
(paperback) |
| 040 ## - CATALOGING SOURCE |
| Original cataloging agency |
DLC |
| Language of cataloging |
eng |
| Description conventions |
rda |
| Transcribing agency |
DLC |
| Modifying agency |
CSPC |
| 042 ## - AUTHENTICATION CODE |
| Authentication code |
pcc |
| 050 00 - LIBRARY OF CONGRESS CALL NUMBER |
| Classification number |
HD30.2 |
| Item number |
.B475 2022 |
| 082 00 - DEWEY DECIMAL CLASSIFICATION NUMBER |
| Classification number |
004.0684 |
| Item number |
B467m |
| Edition number |
23 |
| 100 1# - MAIN ENTRY--PERSONAL NAME |
| Personal name |
Beulen, Erik, |
| Relator term |
author. |
| 240 10 - UNIFORM TITLE |
| Uniform title |
Managing IT outsourcing |
| 245 10 - TITLE STATEMENT |
| Title |
Managing information technology outsourcing / |
| Statement of responsibility, etc. |
Erik Beulen and Pieter M. Ribbers. |
| 250 ## - EDITION STATEMENT |
| Edition statement |
Third edition. |
| 263 ## - PROJECTED PUBLICATION DATE |
| Projected publication date |
2210 |
| 264 #1 - PRODUCTION, PUBLICATION, DISTRIBUTION, MANUFACTURE, AND COPYRIGHT NOTICE |
| Place of production, publication, distribution, manufacture |
Abingdon, Oxon ; |
| -- |
New York, NY : |
| Name of producer, publisher, distributor, manufacturer |
Routledge, |
| Date of production, publication, distribution, manufacture, or copyright notice |
2022. |
| 300 ## - PHYSICAL DESCRIPTION |
| Extent |
vi, 247 pages ; |
| Dimensions |
23 cm. |
| 336 ## - CONTENT TYPE |
| Content type term |
text |
| Content type code |
txt |
| Source |
rdacontent |
| 337 ## - MEDIA TYPE |
| Media type term |
unmediated |
| Media type code |
n |
| Source |
rdamedia |
| 338 ## - CARRIER TYPE |
| Carrier type term |
volume |
| Carrier type code |
nc |
| Source |
rdacarrier |
| 504 ## - BIBLIOGRAPHY, ETC. NOTE |
| Bibliography, etc. note |
Includes bibliographical references and index. |
| 505 0# - FORMATTED CONTENTS NOTE |
| Formatted contents note |
Market trends in information technology outsourcing -- Theoretical foundation -- Changing business models -- IT strategy and IT sourcing -- IT services: demand and supply -- Information technology innovation and outsourcing -- Transitions and contracts -- Governance of IT outsourcing -- Governance factors -- Contracting and managing agile software development and DevOps -- Compliance -- Looking forward. |
| 520 ## - SUMMARY, ETC. |
| Summary, etc. |
"For decades, outsourcing has been a major international phenomenon in business. The areas of Technology, Information Technology and Management represent a unique case for outsourcing both in terms of benefits and potential interorganisational problems. This fully updated text has been brought up to date with this new landscape, including discussion of Robotic Process Automation, Internet of Things, cloud computing, low code and DevOps and agile. With a range of new global case studies in manufacturing, logistics, chemical industry and cloud services, this textbook offers a strong grounding in real-world industrial experience that effectively combines theory with practice. Uniquely, this book focuses on both sides of the outsourcing relationship, providing a balanced exploration of the ways in which these partnerships can be managed successfully. Accessible and cutting-edge, the third edition of Managing Information Technology Outsourcing provides an in-depth, practical perspective on this important and far-reaching challenge in information technology management. It is an ideal text for students, academics and practitioners alike"-- |
| Assigning source |
Provided by publisher. |
| 650 #0 - SUBJECT ADDED ENTRY--TOPICAL TERM |
| Topical term or geographic name entry element |
Information technology |
| General subdivision |
Management. |
| 650 #0 - SUBJECT ADDED ENTRY--TOPICAL TERM |
| Topical term or geographic name entry element |
Contracting out. |
| 650 #0 - SUBJECT ADDED ENTRY--TOPICAL TERM |
| Topical term or geographic name entry element |
Electronic data processing departments |
| General subdivision |
Contracting out. |
| 700 1# - ADDED ENTRY--PERSONAL NAME |
| Personal name |
Ribbers, Pieter, |
| Relator term |
author. |
| 776 08 - ADDITIONAL PHYSICAL FORM ENTRY |
| Relationship information |
Online version: |
| Main entry heading |
Beulen, Erik. |
| Title |
Managing information technology outsourcing |
| Edition |
Third edition. |
| Place, publisher, and date of publication |
Abingdon, Oxon ; New York, NY : Routledge, 2022 |
| International Standard Book Number |
9781003223788 |
| Record control number |
(DLC) 2021021755 |
| 906 ## - LOCAL DATA ELEMENT F, LDF (RLIN) |
| a |
7 |
| b |
cbc |
| c |
orignew |
| d |
1 |
| e |
ecip |
| f |
20 |
| g |
y-gencatlg |
| 942 ## - ADDED ENTRY ELEMENTS (KOHA) |
| Source of classification or shelving scheme |
Dewey Decimal Classification |
| Koha item type |
Books |
| Edition |
23 |
| Classification part |
004.0684 |
| Item part |
B467m |
| Call number prefix |
CIR |
| Call number suffix |
2022 |
| Suppress in OPAC |
No |